| 000 | 01961nam0a2200349 4500 | ||
|---|---|---|---|
| 001 | RU\NLR\BIBL_A\012404749 | ||
| 005 | 20260421170921.0 | ||
| 010 |
_a978-5-8336-1032-9 _9300 |
||
| 021 |
_aRU _bКН-П-20-039440 _9КН-П-20-2985 |
||
| 035 | _a(NLR Aleph) 012404749 | ||
| 090 |
_a11743532 _c11743532 |
||
| 100 | _a20201116d2020 e y0rusy50 ca | ||
| 101 | 0 | _aoss | |
| 102 | _aRU | ||
| 105 | _ay j 000 y | ||
| 181 | 0 |
_ai _baxxe |
|
| 182 | 0 | _an | |
| 200 | 1 |
_aИрон æвзаг амоныны методикæ _fКуыдзойты А. Ф., Майрæмыхъуаты Ф. А. _gУæлдæр ахуырады Федералон Паддзахадон бюджетон ахуырадон уагдон "Цæгаи Ирыстоны Хетагаты Костайы номыл Паддзахон ун-т" |
|
| 203 |
_aТекст _bвизуальный _cнепосредственный |
||
| 210 |
_aДзæуджыхъæу _cИзд.-полигр. центр Северо-Осетин. гос. ун-та им. К. Л. Хетагурова _d2020 |
||
| 215 |
_a159 с. _cтабл. _d21 |
||
| 541 | 1 |
_6z01790 _aМетодика преподавания осетнского языка _eучеб. пособие _zrus |
|
| 606 | 1 |
_aОсетинский язык _xПреподавание _xСредняя школа _jУчебные издания для высших учебных заведений _2sh-onl _3RU\NLR\auth-onl\66339 |
|
| 686 | 1 | _aЧ426.151 я73 | |
| 700 | 1 |
_aКуыдзойты _bА. _gАнжелӕ _4070 |
|
| 701 | 1 |
_aМайрамукаева _bФ. А. _f1961- _gФатима Ахполатовна _3RU\NLR\AUTH\770292633 _4070 |
|
| 790 | 1 |
_6z01541 _aКудзоева _bА. Ф. _gАнжела Федоровна _4070 |
|
| 790 | 1 |
_aМайрамукаева _bФ. А. _f1961- _gФатима Ахполатовна _3RU\NLR\AUTH\770292633 _4070 |
|
| 852 |
_aNLR _bОНЛ _jОсет./3-2581 |
||
| 942 | _cBOOK | ||
| 980 | _aNB | ||